|
|
|
|
| LEADER |
00884nab a2200253 i 4500 |
| 001 |
publ25249 |
| 005 |
20220930124930.0 |
| 008 |
220930s2022 hu o 0|| Angol d |
| 022 |
|
|
|a 2234-0645
|
| 024 |
7 |
|
|a 10.5535/arm.22010
|2 doi
|
| 024 |
7 |
|
|a 32805005
|2 mtmt
|
| 040 |
|
|
|a SZTE Publicatio Repozitórium
|b hun
|
| 041 |
|
|
|a Angol
|
| 100 |
1 |
|
|a Török László
|
| 245 |
1 |
0 |
|a Early Return to Play After Anterior Cruciate Ligament Reconstruction
|h [elektronikus dokumentum] :
|b Is It Worth the Risk? /
|c Török László
|
| 260 |
|
|
|c 2022
|
| 300 |
|
|
|a 97-107
|
| 490 |
0 |
|
|a ANNALS OF REHABILITATION MEDICINE
|v 46 No. 2
|
| 650 |
|
4 |
|a Klinikai orvostan
|
| 700 |
0 |
1 |
|a Jávor Péter János
|e aut
|
| 700 |
0 |
1 |
|a Török Katalin
|e aut
|
| 700 |
0 |
1 |
|a Rárosi Ferenc
|e aut
|
| 700 |
0 |
1 |
|a Hartmann Petra
|e aut
|
| 856 |
4 |
0 |
|u http://publicatio.bibl.u-szeged.hu/25249/1/Toroketal2022_ARM.pdf
|z Dokumentum-elérés
|